000 00565nam a22001817a 4500
999 _c194791
_d194791
005 20230120103312.0
010 _aENG-136021
020 _a9788178791315
_c195.00
035 _aEN-119553
037 _bDBAD/PUB
082 _a796.32307
100 _aJain, Anoop
245 _aBasketball Rule Book 2009/
_cby Anoop Jain
260 _aNew Delhi
_bSports Publication
_c2009
270 _a7/26, Ground Floor, Ansari Road, Darya Ganj
_bNew Delhi
_e110002
_mlakshaythani@hotmail.com
300 _a112p.
_c22cm(hbk)
942 _2ddc
_cEN
_h796.32307
_mJAI